000 00526nam a2200133Ia 4500
005 20260209120152.0
008 260209s9999||||xx |||||||||||||| ||und||
100 _aKhushi Singh
245 0 _aLaws on laws (lethal autonomous weapon systems) : offering an Indian perspective on the regulation of laws
260 _aBangaloreBangalore
_bNLSIU, Bangalore
_c2024 - 2025
300 _a28 p. ; 25 cm.
700 _aMr. Arnav Sharma - SupervisorMr. Arnav Sharma - Supervisor
856 _uhttps://dans.nls.ac.in/handle/123456789/2449
999 _c217755
_d217755